• 首页
  • 本馆介绍
  • 公告通知
  • 最新文献
  • 馆藏检索
  • 电子资源
  • 读者导购
  • 参考咨询
  • 我的图书馆
  • 登录
  • 详细信息显示
  • 放入我的书架
  • 预约/预借图书
  • 作者相关作品
  • 分类相关作品
  • 丛书相关作品
  • 出版社相关作品

书目信息

  • 表格格式
  • 工作单格式
  • 卡片格式
题名:
运动生理学进展
    
 
作者: 杨锡让 , 傅浩坚 主编
分册:  
出版信息: 北京   北京体育大学出版社  2000
页数: 467页
开本: 26cm
丛书名:
单 册:
中图分类: G804.2
科图分类:
主题词: 运动生理--生理学--研究--进展--中国
电子资源:
ISBN: 7-81003-830-3
000 00717nam0 2200217 45
001 0311070004
005 20031219104121.1
010    @a7-81003-830-3@dCNY60.00
100    @a20031107d2000 km y0chiy0120 ea
101 0  @achi
105    @aa z 000yy
200 1  @a运动生理学进展@AYun Dong Sheng Li Xue Jin Zhan@e质疑与思考@EZhi Yi Yu Si Kao@f杨锡让,傅浩坚主编@FYang Xi Rang,Fu Hao Jian Zhu Bian
210    @a北京@c北京体育大学出版社@d2000
215    @a467页@c附照片@d26cm
517    @a质疑与思考@AZhi Yi Yu Si Kao
606 0  @a运动生理@x生理学@x研究@x进展@y中国
690    @aG804.2@v4
701  0 @a杨锡让@4主编
701  0 @a傅浩坚@4主编
801    @aCN@bTSTC@c20031107
905    @a213230@b327728-732@dG804.2@e122@f5
    
    运动生理学进展:质疑与思考/杨锡让,傅浩坚主编.-北京:北京体育大学出版社,2000
    467页:附照片;26cm
    
    
    ISBN 7-81003-830-3:CNY60.00
    
●
相关链接 在E读中查询图书 在五车中查询图书 在当当中查询图书 在豆瓣中查询图书


正题名:运动生理学进展     索取号:G804.2/122         预约/预借

序号 登录号 条形码 馆藏地/架位号 状态 备注
1 0327728   203277284   密集书库/ [索取号:G804.2/122] 在馆    
2 0327729   203277293   第四借阅区/ [索取号:G804.2/122] 在馆    
3 0327730   203277300   第四借阅区/ [索取号:G804.2/122] 在馆    
4 0327731   203277319   密集书库/ [索取号:G804.2/122] 在馆    
5 0327732   203277328   第一样本阅览室/ [索取号:G804.2/122] 在馆    
唐山师范学院图书馆 欢迎您!
大连网信软件有限公司© 版权所有